000 02267nam a22003377a 4500
999 _c57770
_d57770
003 Ge_BSU
005 20201112122002.0
008 201112s2020 ge ||||| |||| 00| 0 geo d
020 _a9789941821295
041 _ageo
080 _a321.7+341.231.4+342.71+314.325+342.5 დ-33
245 _aდემოკრატია და მოქალაქეობა :
_b საკითხავი მასალა სტუდენტისათვის /
_cავტორები : გრიერ ბუროუსი ; ზვიად აბაშიძე ; ქეთევან მუხიგული ; სალომე დუნდუა ; თამარ ქარაია; რედ. მალხაზ მაცაბერიძე, ლელა ჯავახიშვილი.
264 _a[თბილისი] :
_bსაარჩევნო სისტემათას საერთაშ. ფონდი,
_c2020.
490 _aსამოქალაქო განათლების საუნივერსიტეტო კურსი
504 _aბიბლიოგრ. გვ. 279-284
653 _aსამართალი
653 _aადამიანის უფლებები
653 _aკონსტიტუციონალიზმი
653 _aსაქართველოს კონსტიტუცია
653 _aმოქალაქეობა
653 _a სახელმწიფო მართვა
653 _a სამოქალაქო საზოგადოება
700 _a ბუროუსი, გრიერ
_eავტორი
_99732
700 _aაბაშიძე, ზვიად
_eავტორი
_99104
700 _aმუხიგული ქეთევან
_eავტორი
_99733
700 _aდუნდუა სალომე
_eავტორი
_99734
700 _aქარაია თამარ
_eავტორი
_99735
700 _aმაცაბერიძე, მალხაზ
_eრედაქტორი
_91009
700 _aჯავახიშვილიმ ლელა
_eრედაქტორი
_99736
942 _2udc
_cBK